000 nam a22 7a 4500
999 _c8977
_d8977
008 180122b ||||| |||| 00| 0 eng d
100 _aPaul.J.
_95277
245 _aDiscovering Mathematics
260 _aNew Delhi
_bOxford
_c2005